000 00312pam a2200133 a 4500
020 _c
041 _h
082 _a750
_bHIS
100 _aIvan Hissey.
245 _aPainting Great Masters By Numbers
_hTextual Documents
260 _a[s.l]:
_bSilverdale Book,
_c2003.
300 _a100:
_bpaper.
930 _a4140
999 _c237930
_d237930